Hurry on down

Salvato in:
Dettagli Bibliografici
Autore principale: Wain, John (Autore)
Natura: Libro
Lingua:inglese
Pubblicazione: Harmondsworth Penguin Books 1960
Soggetti:
Tags: Aggiungi Tag
Nessun Tag, puoi essere il primo ad aggiungerne!!

MARC

LEADER 00000nam a2200000 a 4500
001 UCQ4381
003 CL-VaPUC
008 980904e19600000uk |||||||||||||||||eng|d
082 0 4 |a 823  |b WAI  |2 21 
100 0 |a Wain, John  |e author  |9 418613 
245 1 0 |a Hurry on down 
300 |a 251 p 
942 |c BK 
945 |d 19980904 00:00:00  |a crobeson 
260 |a Harmondsworth  |b Penguin Books  |c 1960 
650 0 |a Novelas inglesas  |9 265220 
650 0 |a Literatura inglesa  |9 312907 
583 |a last modification  |c 20171204 02:53:49  |k Rodrigo Vera 
999 |c 274764  |d 274762 
952 |0 0  |1 0  |4 0  |6 823_000000000000000_WAI_1960  |7 0  |8 A  |9 311068  |a BIBEDU  |b BIBEDU  |d 2019-11-20  |i 1463527  |o 823 WAI 1960  |p 1463527  |r 2019-11-20  |w 2019-11-20  |y BK  |k LIT